Los franciscanos y la imprenta en México en el siglo XVI (Record no. 13)

MARC details
000 -CABECERA
campo de control de longitud fija 00969nam a2200265 a 4500
001 - NÚMERO DE CONTROL
campo de control BRCA_13
005 - FECHA Y HORA DE LA ÚLTIMA TRANSACCIÓN
campo de control 20190320202837.0
008 - DATOS DE LONGITUD FIJA--INFORMACIÓN GENERAL
campo de control de longitud fija 830111s1991 mx-a---###---#000-0#spa-#
020 ## - NÚMERO INTERNACIONAL ESTÁNDAR DEL LIBRO
Número Internacional Estándar del Libro 9683619959
040 ## - FUENTE DE LA CATALOGACIÓN
Centro catalogador/agencia de origen DLC
Centro/agencia transcriptor CarP
Centro/agencia modificador DLC
050 #4 - SIGNATURA TOPOGRÁFICA DE LA BIBLIOTECA DEL CONGRESO
Número de clasificación Z7840.F8
Número de documento/Ítem .Z98 1991
100 1# - ENTRADA PRINCIPAL--NOMBRE DE PERSONA
Nombre de persona Zulaica Gárate, Román
9 (RLIN) 63
245 10 - MENCIÓN DE TÍTULO
Título Los franciscanos y la imprenta en México en el siglo XVI
Mención de responsabilidad, etc. Román Zulaica Gárate.
260 ## - PUBLICACIÓN, DISTRIBUCIÓN, ETC.
Lugar de publicación, distribución, etc. México
Nombre del editor, distribuidor, etc. UNAM, Instituto de Investigaciones Bibliográficas
Fecha de publicación, distribución, etc. 1991
300 ## - DESCRIPCIÓN FÍSICA
Extensión 373 p.
Otras características físicas il.
Dimensiones 24 cm.
500 ## - NOTA GENERAL
Nota general Incluye índice de nombres propios y de materias
500 ## - NOTA GENERAL
Nota general Facsímil de: México : P. Robredo, 1939
610 24 - PUNTO DE ACCESO ADICIONAL DE MATERIA--NOMBRE DE ENTIDAD CORPORATIVA
Nombre de entidad corporativa o nombre de jurisdicción como elemento de entrada Franciscanos
Subdivisión general Bibliografía
9 (RLIN) 64
610 24 - PUNTO DE ACCESO ADICIONAL DE MATERIA--NOMBRE DE ENTIDAD CORPORATIVA
Nombre de entidad corporativa o nombre de jurisdicción como elemento de entrada Franciscanos
Subdivisión geográfica México
9 (RLIN) 65
650 14 - PUNTO DE ACCESO ADICIONAL DE MATERIA--TÉRMINO DE MATERIA
Término de materia o nombre geográfico como elemento de entrada Imprenta
Subdivisión general Historia
Subdivisión cronológica Siglo XVI
Subdivisión geográfica México
9 (RLIN) 66
650 14 - PUNTO DE ACCESO ADICIONAL DE MATERIA--TÉRMINO DE MATERIA
Término de materia o nombre geográfico como elemento de entrada Libros impresos
Subdivisión general Bibliografía
Subdivisión cronológica Siglo XVI
Subdivisión geográfica México
9 (RLIN) 67
651 #4 - PUNTO DE ACCESO ADICIONAL DE MATERIA--NOMBRE GEOGRÁFICO
Nombre geográfico México
Subdivisión general Impresos
9 (RLIN) 68
653 0# - TÉRMINO DE INDIZACIÓN--NO CONTROLADO
Término no controlado Ordenes religiosas - Nueva España - Libros
942 ## - ELEMENTOS DE PUNTO DE ACCESO ADICIONAL (KOHA)
Fuente del sistema de clasificación o colocación Library of Congress Classification
Tipo de ítem Koha Libros
Holdings
Estado de retiro Estado de pérdida Estado dañado No para préstamo Localización permanente Ubicación/localización actual Fecha de adquisición Total de préstamos Signatura topográfica completa Código de barras Fecha visto por última vez Precio válido a partir de Tipo de ítem Koha
El ejemplar forma parte de la colección y puede ser consultado según las políticas vigentes.       Biblioteca del Museo Franz Mayer (Rogerio Casas-Alatriste) Biblioteca del Museo Franz Mayer (Rogerio Casas-Alatriste) 24/06/2008   Z7840.F8 .Z98 1991 00009_1 23/03/2019 23/03/2019 Libros